Rechtsradikalismus im Nachkriegsdeutschland: Studien über die 'Sozialistische Reichspartei' (SRP)
| Contributors: | ; ; |
|---|---|
| Format: | Print Book |
| Language: | German |
| Published: |
Berlin [u.a.]
Vahlen
1957
|
| In: |
Schriften des Instituts für Politische Wissenschaft (9)
Year: 1957 |
| Availability in Tübingen: | Present in Tübingen. UB: Ec 1283-9 |
| Check availability: | HBZ Gateway |
| Subito Delivery Service: | Order now. |
| Keywords: |
MARC
| LEADER | 00000cam a2200000 c 4500 | ||
|---|---|---|---|
| 001 | 1070910341 | ||
| 003 | DE-627 | ||
| 005 | 20251224214608.0 | ||
| 007 | tu | ||
| 008 | 850101s1957 gw ||||| 00| ||ger c | ||
| 035 | |a (DE-627)1070910341 | ||
| 035 | |a (DE-576)000910341 | ||
| 035 | |a (DE-599)BSZ000910341 | ||
| 035 | |a (OCoLC)1045511 | ||
| 035 | |a (OCoLC)310090510 | ||
| 035 | |a (DE-604)802817089x | ||
| 035 | |a (DE-H357)his14179 | ||
| 040 | |a DE-627 |b ger |c DE-627 |e rakwb | ||
| 041 | |a ger | ||
| 044 | |c XA-DE | ||
| 050 | 0 | |a JN3971.A98S96 | |
| 082 | 0 | |a 329.943 | |
| 084 | |a 1 |2 ssgn | ||
| 084 | |a NQ 6140 |2 rvk |0 (DE-625)rvk/128699: | ||
| 084 | |a MG 15380 |2 rvk |0 (DE-625)rvk/122818:12126 | ||
| 084 | |a 15.38 |2 bkl | ||
| 084 | |a 15.43 |2 bkl | ||
| 084 | |a 89.21 |2 bkl | ||
| 245 | 0 | 0 | |a Rechtsradikalismus im Nachkriegsdeutschland |b Studien über die 'Sozialistische Reichspartei' (SRP) |c mit einer Einleitung von Eugen Fischer-Baling |
| 246 | 3 | 3 | |a Ideologie und Propaganda der SRP |
| 246 | 3 | 3 | |a Geschichte und Gestalt der SRP |
| 264 | 1 | |a Berlin [u.a.] |b Vahlen |c 1957 | |
| 300 | |a IX, 309 S. | ||
| 336 | |a Text |b txt |2 rdacontent | ||
| 337 | |a ohne Hilfsmittel zu benutzen |b n |2 rdamedia | ||
| 338 | |a Band |b nc |2 rdacarrier | ||
| 490 | 1 | |a Schriften des Instituts für Politische Wissenschaft |v 9 | |
| 500 | |a Enth. außerdem: 1. Geschichte und Gestalt der SRP / Otto Büsch. - 2. Ideologie und Propaganda der SRP / Peter Furth | ||
| 505 | 8 | |a Geschichte und Gestalt der SRP, von O. Büsch.- Ideologie und Propaganda der SRP, von P. Furth. | |
| 583 | 1 | |a Archivierung/Langzeitarchivierung gewährleistet |f SLG |x XA-DE-BW |z BfZ |2 pdager |5 DE-24 | |
| 583 | 1 | |a Archivierung/Langzeitarchivierung gewährleistet |f SSG |x XA-DE-BW |2 pdager |5 DE-21 | |
| 610 | 1 | 0 | |a Sozialistische Reichspartei |
| 650 | 0 | |a Fascism |z Germany | |
| 689 | 0 | 0 | |d b |0 (DE-588)45523-4 |0 (DE-627)101065701 |0 (DE-576)192765655 |a Sozialistische Reichspartei |2 gnd |
| 689 | 0 | |5 (DE-627) | |
| 689 | 1 | 0 | |d b |0 (DE-588)45523-4 |0 (DE-627)101065701 |0 (DE-576)192765655 |a Sozialistische Reichspartei |2 gnd |
| 689 | 1 | 1 | |a z |2 gnd |a Geschichte 1949-1952 |
| 689 | 1 | |5 (DE-627) | |
| 689 | 2 | 0 | |d b |0 (DE-588)45523-4 |0 (DE-627)101065701 |0 (DE-576)192765655 |a Sozialistische Reichspartei |2 gnd |
| 689 | 2 | 1 | |a z |2 gnd |a Geschichte 1949-1952 |
| 689 | 2 | |5 (DE-627) | |
| 700 | 1 | |a Furth, Peter |d 1930-2019 |0 (DE-588)119286904 |0 (DE-627)080092888 |0 (DE-576)211935565 |4 oth | |
| 700 | 1 | |a Büsch, Otto |d 1928-1994 |0 (DE-588)118834983 |0 (DE-627)079609724 |0 (DE-576)160474930 |4 oth | |
| 700 | 1 | |a Fischer-Baling, Eugen |d 1881-1964 |0 (DE-588)122785827 |0 (DE-627)08215452X |0 (DE-576)160950120 |4 oth | |
| 810 | 2 | |a Freie Universität Berlin |b Institut für Politische Wissenschaft |t Schriften des Instituts für Politische Wissenschaft |v 9 |9 9 |w (DE-627)130141763 |w (DE-576)021033749 |w (DE-600)512973-4 |x 0522-9677 |7 am | |
| 889 | |w (DE-627)231175744 | ||
| 889 | |w (DE-627)074404458 | ||
| 935 | |a mteo |a rexa | ||
| 935 | |i mdedup | ||
| 936 | r | v | |a NQ 6140 |b Parteien und Verbände |k Geschichte |k Geschichte seit 1918 |k Deutsche Geschichte seit 1945 |k Bundesrepublik Deutschland (bis 1990) |k Innenpolitik |k Parteien und Verbände |0 (DE-627)1271472473 |0 (DE-625)rvk/128699: |0 (DE-576)201472473 |
| 936 | r | v | |a MG 15380 |b Geschichte, Struktur, Probleme |k Politologie |k Politische Systeme einzelner Länder |k Europa, Nordamerika |k Westeuropa, Mitteleuropa |k Bundesrepublik Deutschland |k Bundesrepublik Deutschland |k Parteien und politische Bewegungen |k Mehrere Parteien, Parteiensysteme |k Rechtsradikalismus |k Geschichte, Struktur, Probleme |0 (DE-627)1270709275 |0 (DE-625)rvk/122818:12126 |0 (DE-576)200709275 |
| 936 | b | k | |a 15.38 |j Europäische Geschichte nach 1945 |q coli-conc RVK->BK |q https://coli-conc.gbv.de/api/mappings/ca5e71c2-ea45-4983-9498-0aae53095f57 |0 (DE-627)181569671 |
| 936 | b | k | |a 15.43 |j Deutsche Geschichte des 19. Jahrhunderts bis zur Gegenwart |0 (DE-627)181569701 |
| 936 | b | k | |a 89.21 |j Faschismus |0 (DE-627)106414607 |
| 951 | |a BO | ||
| ELC | |b 1 | ||
| LOK | |0 000 xxxxxcx a22 zn 4500 | ||
| LOK | |0 001 2006255010 | ||
| LOK | |0 003 DE-627 | ||
| LOK | |0 004 1070910341 | ||
| LOK | |0 005 19990322000000 | ||
| LOK | |0 008 990322||||||||||||||||ger||||||| | ||
| LOK | |0 040 |a DE-21 |c DE-627 |d DE-21 | ||
| LOK | |0 852 |a DE-21 | ||
| LOK | |0 852 1 |c Ec 1283-9 |9 00 | ||
| LOK | |0 935 |a dika | ||
| LOK | |0 939 |a 22-03-99 |b l01 | ||
| LOK | |0 000 xxxxxcx a22 zn 4500 | ||
| LOK | |0 001 2006255037 | ||
| LOK | |0 003 DE-627 | ||
| LOK | |0 004 1070910341 | ||
| LOK | |0 005 20100407235616 | ||
| LOK | |0 008 981130||||||||||||||||ger||||||| | ||
| LOK | |0 040 |a DE-21-31 |c DE-627 |d DE-21-31 | ||
| LOK | |0 541 |e 1958/1903 (CG) | ||
| LOK | |0 852 |a DE-21-31 | ||
| LOK | |0 852 1 |c Mt III e 26 |m p |9 00 | ||
| LOK | |0 938 |k p | ||
| LOK | |0 939 |a 30-11-98 |b l01 | ||
| LOK | |0 000 xxxxxcx a22 zn 4500 | ||
| LOK | |0 001 2006255045 | ||
| LOK | |0 003 DE-627 | ||
| LOK | |0 004 1070910341 | ||
| LOK | |0 005 20041208000000 | ||
| LOK | |0 008 041208||||||||||||||||ger||||||| | ||
| LOK | |0 040 |a DE-21-58 |c DE-627 |d DE-21-58 | ||
| LOK | |0 689 |a s |0 1310619700 |a Deutschland(BRD) - Radikalismus - Rechtsradikalismus | ||
| LOK | |0 689 |a s |0 1310641277 |a Deutschland(BRD) - Parteien - SRP | ||
| LOK | |0 852 |a DE-21-58 | ||
| LOK | |0 852 1 |c G XVI cd 10 |m p |9 00 | ||
| LOK | |0 935 |a k058 | ||
| LOK | |0 938 |k p | ||
| LOK | |0 939 |a 08-12-04 |b l01 | ||
| ORI | |a SA-MARC-krimdoka001.raw | ||
| SIG | |a UB: Ec 1283-9 | ||
| TIM | |a 100019490101_100019521231 |b Geschichte 1949-1952 | ||
